000 00555nam a2200229Ia 4500
003 OSt
005 20221005124536.0
006 a|||||r|||| 00| 0
007 ta
008 221004b |||||||| |||| 00| 0 tam d
024 _a51163
037 _cTextual
040 _aCRL
_cCRL
_btam
041 _2tam
_atam
082 _aO31,6N20,1, K3
100 _aGovindhasamy
_9631116
245 0 _aNalla nadu
260 _c1963
650 _aTAMIL PROSE
942 _hO31,6N20,1, K3
_cTEXL
_2cc
999 _c1050805
_d1050805